000 00764nam a2200241Ia 4500
003 OSt
005 20220923222044.0
006 a|||||r|||| 00| 0
007 ta
008 tel
024 _a202,730
037 _cTextual
040 _aARTS
_cARTS
_btel
041 _2tel
_atel
082 _aO35,1K0x, 152J4
100 _aशर्मा, श्रीराम, संपा.
_9156370
245 0 _aपंचामृत, अनु बालशौरि रेड्डी
246 _aPanchāmṛuta, anu bālashauri reḍḍī
260 _c1954
650 _aतेलुगु साहित्य
_9156264
942 _hO35,1K0x, 152J4
_cTEXL
_2CC
999 _c353554
_d353554